| 000 | 00859nam a2200265Ia 4500 | ||
|---|---|---|---|
| 003 | OSt | ||
| 005 | 20220928133209.0 | ||
| 006 | a|||||r|||| 00| 0 | ||
| 007 | ta | ||
| 008 | 220927b |||||||| |||| 00| 0 hin d | ||
| 020 | _cINR 10500.00 | ||
| 024 | _a140017 | ||
| 037 |
_b63, 18/02/2019, Kiran Book Service _cTextual |
||
| 040 |
_aSDCL _cSDCL _bhin |
||
| 041 |
_2hin _ahin |
||
| 082 | _aP15k, Q9.1-.7 RR | ||
| 100 |
_aTrivedi Pankaj Ed. _9484713 |
||
| 245 | 0 | _aSanskrit bhasha sahitya evam shastriya itihas gyankosh (7 Vol. Set) | |
| 260 |
_aJaipur _bParadise _c2019 |
||
| 490 | _vV1:v,232p. | ||
| 650 |
_aSanskrit _9391587 |
||
| 700 |
_a Bairwa Sumer Singh Ed. _9484714 |
||
| 942 |
_hP15k, Q9.1-.7 RR _cTEXL _2CC |
||
| 999 |
_c798247 _d798247 |
||